000 00428 a2200133 4500
001 ART_24028
005 20260410161933.0
008 260409a
245 1 0 _aDinámica del mercado laboral postdevaluación.
100 1 _aAlbrieu, Ramiro
700 1 _aBernat, Gonzalo
700 1 _aCorso, Eduardo Ariel
773 0 _tRevista de Economía Política de Buenos Aires
_g- Año 3, Nº 5/6 (nov. 2009)
_wREV23982
999 _c28797
_d28797